Quiz geograficzny#1 - Statystyki

Ogólne statystyki
  • Ten quiz został rozwiązany 12 razy
  • Średni wynik to 3 z 5
Statystyki odpowiedzi
Podpowiedź Odpowiedź % Poprawnych
Główna roślina żywieniowa Azji Południowej Południowo-wschodniej ryż
90%
Stolica Filipin Manila
80%
Najmniejszy ocean świata Ocean Arktyczny
80%
Formacja trawiasta strefy międzyzwrotnikowej sawanna
30%
Największe jezioro Europy Ładoga
10%
Nie znaleziono quizów pasujących do podanych kryteriów
Rozkład punktacji
Procent ludzi z każdym wynikiem
Percentyl według liczby udzielonych odpowiedzi
Twoja historia wyników
Nie rozwiązałeś tego quizu